Life in a longhouse village / (Record no. 6314)

MARC details
000 -LEADER
fixed length control field 01334cam a22004094a 4500
001 - CONTROL NUMBER
control field 6314
003 - CONTROL NUMBER IDENTIFIER
control field FISKH
005 - DATE AND TIME OF LATEST TRANSACTION
control field 20250410122256.0
008 - FIXED-LENGTH DATA ELEMENTS--GENERAL INFORMATION
fixed length control field 001213s2001 nyua j 001 0 eng
010 ## - LIBRARY OF CONGRESS CONTROL NUMBER
LC control number 00069364
020 ## - INTERNATIONAL STANDARD BOOK NUMBER
International Standard Book Number 0778703703 (RLB)
020 ## - INTERNATIONAL STANDARD BOOK NUMBER
International Standard Book Number 0778704629 (pbk.)
020 ## - INTERNATIONAL STANDARD BOOK NUMBER
International Standard Book Number 9780778704621
040 ## - CATALOGING SOURCE
Original cataloging agency DLC
Transcribing agency DLC
Modifying agency DLC
Language of cataloging eng
050 ## - LIBRARY OF CONGRESS CALL NUMBER
Classification number E99.I7 K26
082 ## - DEWEY DECIMAL CLASSIFICATION NUMBER
Classification number 974.7
100 1# - MAIN ENTRY--PERSONAL NAME
Personal name Kalman, Bobbie.
245 10 - TITLE STATEMENT
Title Life in a longhouse village /
Statement of responsibility, etc. Bobbie Kalman.
260 ## - PUBLICATION, DISTRIBUTION, ETC.
Place of publication, distribution, etc. New York :
Name of publisher, distributor, etc. Crabtree Publishing Company,
Date of publication, distribution, etc. 2001.
300 ## - PHYSICAL DESCRIPTION
Extent 32 pages :
Other physical details color illustrations ;
Dimensions 26 cm
440 #0 - SERIES STATEMENT/ADDED ENTRY--TITLE
Title Native nations of North America
500 ## - GENERAL NOTE
General note Includes index.
505 ## - FORMATTED CONTENTS NOTE
Formatted contents note R<br/>
520 ## - SUMMARY, ETC.
Summary, etc. This book introduces children to the traditional daily life of the Native nations who lived in longhouses and shared a common way of life.
521 8# - TARGET AUDIENCE NOTE
Target audience note 680<br/>
Source Lexile Adjusted <br/>
521 8# - TARGET AUDIENCE NOTE
Target audience note R<br/>
Source Raz-Plus<br/>
650 #0 - SUBJECT ADDED ENTRY--TOPICAL TERM
Topical term or geographic name entry element Iroquois Indians
Form subdivision Juvenile literature.
650 #0 - SUBJECT ADDED ENTRY--TOPICAL TERM
Topical term or geographic name entry element Longhouses
Form subdivision Juvenile literature.
650 #1 - SUBJECT ADDED ENTRY--TOPICAL TERM
Topical term or geographic name entry element Iroquois Indians.
650 #1 - SUBJECT ADDED ENTRY--TOPICAL TERM
Topical term or geographic name entry element Indians of North America
Geographic subdivision Northeastern States.
650 #1 - SUBJECT ADDED ENTRY--TOPICAL TERM
Topical term or geographic name entry element Longhouses.
650 #1 - SUBJECT ADDED ENTRY--TOPICAL TERM
Topical term or geographic name entry element Dwellings.
700 1# - ADDED ENTRY--PERSONAL NAME
Personal name Parker, Lewis
Relator term illustrator
906 ## - LOCAL DATA ELEMENT F, LDF (RLIN)
a 7
b cbc
c orignew
d 1
e ocip
f 20
g y-gencatlg
942 ## - ADDED ENTRY ELEMENTS (KOHA)
Source of classification or shelving scheme Dewey Decimal Classification
Koha item type Books
Suppress in OPAC No
Holdings
Withdrawn status Lost status Source of classification or shelving scheme Damaged status Not for loan Collection Home library Current library Shelving location Date acquired Total Checkouts Full call number Barcode Date last seen Price effective from Koha item type
    Dewey Decimal Classification     Non-Fiction Footprints International School Library Network Toul Kork Campus Footprints International School Library Network Toul Kork Campus TK Primary Library Room(4th Floor), Bookcase 5&6, Shelves 33-56, Orange Books 04/10/2025   KAL 974.7 E99.I7 K26 FISTK00996 04/10/2025 04/10/2025 Books